000 00425nam a2200157Ia 4500
008 210716s2014 xx 000 0 und d
020 _a9780198072096
041 _aeng
082 _a658.56 BEDK
100 _aBedi, Kanishka.
245 _aProduction and operations management.
250 _a3
260 _aNew Delhi
_bOxford University Press
_c2014
300 _axxii,680
650 _aProduction & Operations Management
999 _c195145
_d195145